000 00660nam a2200205Ii 4500
003 JO-AjNU
008 230606s9999||||xx |||||||||||||| ||und||
020 _a0-13-185448-8
040 _aJO-AjNU
_beng
_erda
_cJO-AjNU
041 _aeng
050 1 4 _aHF5657.4 .A84 1995
100 3 _aAtkinson,Anthony A / Banker,Rajiv D / Kaplan,Robert S / Young,S. Mark,
_eauthor
_93139
245 0 0 _aManagement Accounting
264 3 1 _aNew Jersey: Prentice-Hall,1995
300 _a633p
_b Includes indexes(p615-633)
336 _atext
_btxt
_2rdacontent
337 _aunmediated
_bn
_2rdamedia
338 _avolume
_bnc
_2rdacarrier
650 4 _aManagement Accounting
_93140
999 _aE1645
_c1645
_d1645